000 00318nam a22001337a 4500
008 170627b xxu||||| |||| 00| 0 eng d
020 _a9780393927221
041 _aeng
080 _28TH
_a82
100 _a21
101 _aGJL
245 _aTHE NORTON ANTHOLOGY OF ENGLISH LITERATURE
_cGREENBLATT,S
942 _2udc
_cBK
999 _c19215
_d19215